书目信息 |
| 题名: |
OpenCV 4计算机视觉项目实战
|
|
| 作者: | 埃斯克里瓦 , 门东萨 , 乔希 著 ;冀臻 译 | |
| 分册: | ||
| 出版信息: | 北京 机械工业出版社 2019.07 |
|
| 页数: | X, 208页 | |
| 开本: | 24cm | |
| 丛书名: | 智能系统与技术丛书 | |
| 单 册: | ||
| 中图分类: | TP391.413 | |
| 科图分类: | ||
| 主题词: | 图象处理软件--tu xiang chu li ruan jian--程序设计 | |
| 电子资源: | ||
| ISBN: | 978-7-111-63164-4 | |
| 000 | 01838nam 2200337 450 | |
| 001 | 2060117308 | |
| 005 | 20201104164540.42 | |
| 010 | @a978-7-111-63164-4@dCNY79.00 | |
| 100 | @a20190822d2019 em y0chiy50 ea | |
| 101 | 1 | @achi@cspa@ceng |
| 102 | @aCN@b110000 | |
| 105 | @aa z 000yy | |
| 200 | 1 | @aOpenCV 4计算机视觉项目实战@AOpenCV 4 ji suan ji shi jue xiang mu shi zhan@f(西班牙) 大卫·米兰·埃斯克里瓦, 维尼休斯·G.门东萨, (美) 普拉蒂克·乔希著@d= Learn OpenCV 4 by building projects@fDavid Millan Escriva, Vinicius G. Mendonca, Prateek Joshi@g冀臻译@zeng |
| 210 | @a北京@c机械工业出版社@d2019.07 | |
| 215 | @aX, 208页@c图@d24cm | |
| 225 | 2 | @a智能系统与技术丛书@Azhi neng xi tong yu ji shu cong shu |
| 305 | @a据原书第2版译出 | |
| 306 | @a由Pack Publishing授权出版 | |
| 314 | @a大卫·米兰·埃斯克里瓦, 拥有人工智能、计算机图形学和模式识别硕士学位, 并专注于模式识别和计算机视觉。维尼休斯·G.门东萨, 目前是巴西Apple开发者学院的导师。普拉蒂克·乔希是一位人工智能研究员、8本书的作者。 | |
| 330 | @a本书首先介绍OpenCV的入门知识及安装, 然后介绍OpenCV的基础知识, 包括用户界面、矩阵运算、滤波器和直方图等, 之后介绍复杂的计算机视觉算法, 包括对象分割和分类、视频监控、对象跟踪等, 最后探讨对象跟踪、文本识别、机器学习和人脸检测等高级技术。阅读本书之后, 你将掌握常用和最新的计算机视觉技术, 并学会从零开始构建各类OpenCV项目。 | |
| 410 | 0 | @12001 @a智能系统与技术丛书 |
| 510 | 1 | @aLearn OpenCV 4 by building projects@zeng |
| 606 | 0 | @a图象处理软件@Atu xiang chu li ruan jian@x程序设计 |
| 610 | 0 | @aOpenCV |
| 690 | @aTP391.413@v5 | |
| 701 | 1 | @a埃斯克里瓦@Aai si ke li wa@g(Escriva, David Millan)@4著 |
| 701 | 1 | @a门东萨@Amen dong sa@g(Mendonca, Vinicius G.)@4著 |
| 701 | 1 | @a乔希@Aqiao xi@g(Joshi, Prateek)@4著 |
| 702 | 0 | @a冀臻@Aji zhen@4译 |
| 801 | 0 | @aCN@b人天书店@c20200927 |
| 905 | @aZUCC@dTP391.413@eA293 | |
| OpenCV 4计算机视觉项目实战/(西班牙) 大卫·米兰·埃斯克里瓦, 维尼休斯·G.门东萨, (美) 普拉蒂克·乔希著= Learn OpenCV 4 by building projects/David Millan Escriva, Vinicius G. Mendonca, Prateek Joshi/冀臻译.-北京:机械工业出版社,2019.07 |
| X, 208页:图;24cm.-(智能系统与技术丛书) |
| ISBN 978-7-111-63164-4:CNY79.00 |
| 本书首先介绍OpenCV的入门知识及安装, 然后介绍OpenCV的基础知识, 包括用户界面、矩阵运算、滤波器和直方图等, 之后介绍复杂的计算机视觉算法, 包括对象分割和分类、视频监控、对象跟踪等, 最后探讨对象跟踪、文本识别、机器学习和人脸检测等高级技术。阅读本书之后, 你将掌握常用和最新的计算机视觉技术, 并学会从零开始构建各类OpenCV项目。 |
| ● |
| 相关链接 |
|
|
|
正题名:OpenCV 4计算机视觉项目实战
索取号:TP391.413/A293
 
预约/预借
| 序号 | 登录号 | 条形码 | 馆藏地/架位号 | 状态 | 备注 |
| 1 | 1477579 | 214775796 | 自科库301/301自科库 104排2列4层/ [索取号:TP391.413/A293] | 在馆 | |
| 2 | 1477580 | 214775803 | 自科库301/301自科库 104排2列4层/ [索取号:TP391.413/A293] | 在馆 |